[Event "Caioba Copel op 5th"]
[Site "Caioba"]
[Date "2019.08.16"]
[Round "2"]
[White "Bernardes, Roberto Carlos Stru"]
[Black "Staron, Douglas Rentz"]
[Result "0-1"]
[WhiteElo "1591"]
[BlackElo "1821"]
[PlyCount "48"]
[EventDate "2019.08.15"]
[EventType "swiss"]
[EventRounds "6"]
[EventCountry "BRA"]
[SourceTitle "EXT 2020"]
[Source "ChessBase"]
[SourceDate "2019.10.17"]
[SourceVersion "1"]
[SourceVersionDate "2019.10.17"]
[SourceQuality "1"]

1. d4 Nf6 2. Bg5 d5 3. Bxf6 exf6 4. e3 g6 5. Bd3 Bg7 6. Ne2 0-0 7. 0-0 f5 8. Nd2 b6 9. Nb3 Nd7 10. c3 c5 11. dxc5 bxc5 12. Bb5 Nf6 13. Bc6 Rb8 14. Nf4 c4 15. Nd4 Qd6 16. Rb1 g5 17. Nfe2 Ng4 18. g3 Qh6 19. h4 gxh4 20. Kg2 hxg3 21. Rh1 Qd6 22. Ba4 gxf2 23. Rh3 Qg6 24. Kf1 Be5 0-1

[Event "Caioba Telecom op"]
[Site "Caioba"]
[Date "2018.08.04"]
[Round "7"]
[White "Bernardes, Roberto Carlos Stru"]
[Black "Bueno, Adriano Jose Ferrei"]
[Result "1-0"]
[WhiteElo "1626"]
[BlackElo "1420"]
[PlyCount "109"]
[EventDate "2018.08.01"]
[EventType "swiss"]
[EventRounds "9"]
[EventCountry "BRA"]
[SourceTitle "CBM 186 Extra"]
[Source "ChessBase"]
[SourceDate "2018.08.24"]
[SourceVersion "1"]
[SourceVersionDate "2018.08.24"]
[SourceQuality "1"]

1. e4 c5 2. Nf3 d6 3. Bb5+ Bd7 4. Bxd7+ Nxd7 5. c4 Ngf6 6. d3 g6 7. Nc3 Bg7 8. 0-0 0-0 9. Bf4 Qb6 10. Qd2 Nh5 11. Nd5 Qd8 12. Bh6 e6 13. Bxg7 Kxg7 14. Nf4 Nxf4 15. Qxf4 e5 16. Qd2 f5 17. Rad1 f4 18. Kh1 g5 19. g4 Rh8 20. Kg2 h5 21. h3 Qf6 22. Rh1 Rh7 23. Rh2 Rah8 24. Rdh1 Kg6 25. Qe2 Qe6 26. Ng1 Nf6 27. f3 hxg4 28. hxg4 Rxh2+ 29. Rxh2 Rxh2+ 30. Kxh2 Qd7 31. Kg2 Qh7 32. Nh3 Qh4 33. Qf2 Qxf2+ 34. Nxf2 Nd7 35. Nd1 a6 36. Nc3 Kf7 37. Nd5 Ke8 38. Kf2 Kd8 39. Ke2 Kc8 40. Kd2 b5 41. cxb5 axb5 42. Kc3 b4+ 43. Kc4 Kb7 44. Kb5 Nf8 45. a4 bxa3 46. bxa3 Ng6 47. a4 Nh4 48. a5 Nxf3 49. a6+ Ka7 50. Ne7 Nd4+ 51. Ka5 f3 52. Nc8+ Kb8 53. Kb6 f2 54. a7+ Ka8 55. Ka6 1-0

[Event "Caioba Telecom op"]
[Site "Caioba"]
[Date "2018.08.01"]
[Round "2"]
[White "Fontes, Joao Marques"]
[Black "Bernardes, Roberto Carlos Stru"]
[Result "0-1"]
[WhiteElo "1358"]
[BlackElo "1626"]
[PlyCount "64"]
[EventDate "2018.08.01"]
[EventType "swiss"]
[EventRounds "9"]
[EventCountry "BRA"]
[SourceTitle "CBM 186 Extra"]
[Source "ChessBase"]
[SourceDate "2018.08.24"]
[SourceVersion "1"]
[SourceVersionDate "2018.08.24"]
[SourceQuality "1"]

1. e4 c5 2. Nf3 d6 3. c3 Bd7 4. Be2 Nc6 5. d3 e5 6. Nbd2 Nf6 7. Nf1 Be7 8. Ne3 Be6 9. Bd2 0-0 10. Qc1 Qd7 11. h3 Rac8 12. Ng5 d5 13. Nxe6 fxe6 14. Qc2 d4 15. Ng4 Rf7 16. h4 Rcf8 17. Nxf6+ Rxf6 18. f3 b5 19. g4 dxc3 20. Bxc3 b4 21. Bd2 Nd4 22. Qd1 Nxe2 23. Qxe2 Rxf3 24. 0-0-0 Rf2 25. Qe1 Qxd3 26. Qe3 Qc4+ 27. Kb1 R8f3 28. Qe1 Qd3+ 29. Kc1 Re2 30. Qg1 Rff2 31. g5 Rxd2 32. Qe1 Qc2# 0-1

[Event "Concordia op 4th"]
[Site "Concordia"]
[Date "2018.06.30"]
[Round "4"]
[White "Bernardes, Roberto Carlos Stru"]
[Black "Souza dos Santos, Matheus Garcett"]
[Result "0-1"]
[WhiteElo "1619"]
[BlackElo "1932"]
[PlyCount "60"]
[EventDate "2018.06.29"]
[EventType "swiss"]
[EventRounds "6"]
[EventCountry "BRA"]
[SourceTitle "EXT 2019"]
[Source "ChessBase"]
[SourceDate "2018.10.10"]
[SourceVersion "1"]
[SourceVersionDate "2018.10.10"]
[SourceQuality "1"]

1. d4 d5 2. Nf3 Nf6 3. Nc3 e6 4. Bg5 c5 5. e3 a6 6. Be2 Nbd7 7. Ne5 h6 8. Bh4 b5 9. f4 Bb7 10. 0-0 Rc8 11. f5 exf5 12. Rxf5 Be7 13. Qf1 0-0 14. Qf2 cxd4 15. exd4 b4 16. Nxd7 Qxd7 17. Nd1 Ne4 18. Re5 Nxf2 19. Rxe7 Nh3+ 20. Kh1 Qc6 21. gxh3 Rfe8 22. Rxe8+ Rxe8 23. Bd3 Bc8 24. Nf2 a5 25. Ng4 Ba6 26. Ne5 Qb6 27. Bxa6 Qxa6 28. Rg1 Qe2 29. Bf6 g6 30. Bh4 Qe4+ 0-1

[Event "Caioba Telecom op"]
[Site "Caioba"]
[Date "2017.10.01"]
[Round "7"]
[White "Bernardes, Roberto Carlos Stru"]
[Black "Deus Filho, Joaquim"]
[Result "0-1"]
[WhiteElo "1727"]
[BlackElo "1966"]
[PlyCount "59"]
[EventDate "2017.09.28"]
[EventType "swiss"]
[EventRounds "8"]
[EventCountry "BRA"]
[SourceTitle "EXT 2020"]
[Source "ChessBase"]
[SourceDate "2019.10.17"]
[SourceVersion "1"]
[SourceVersionDate "2019.10.17"]
[SourceQuality "1"]

1. e4 Nf6 2. Nc3 d5 3. exd5 Nxd5 4. Nxd5 Qxd5 5. Nf3 Bg4 6. Be2 Nc6 7. c3 0-0-0 8. 0-0 e5 9. h3 Bxh3 10. gxh3 Rd6 11. Nh4 h5 12. Bxh5 g6 13. Bg4+ f5 14. Nxf5 gxf5 15. Bxf5+ Kb8 16. Kh2 e4 17. Qg4 Rdh6 18. Qxe4 Rxh3+ 19. Kg2 Qg8+ 20. Bg4 Ne5 21. f3 Bd6 22. d4 Nxg4 23. fxg4 Rh2+ 24. Kg1 Qc4 25. Bf4 Bxf4 26. Qxf4 Rh1+ 27. Kg2 Qe2+ 28. Rf2 R8h2+ 29. Kg3 Rxf2 30. Rg1 0-1

[Event "Caioba Telecom op"]
[Site "Caioba"]
[Date "2017.09.30"]
[Round "6"]
[White "Bernardes, Roberto Carlos Stru"]
[Black "Carvalho, Isis"]
[Result "1-0"]
[WhiteElo "1727"]
[BlackElo "1121"]
[PlyCount "46"]
[EventDate "2017.09.28"]
[EventType "swiss"]
[EventRounds "8"]
[EventCountry "BRA"]
[SourceTitle "EXT 2020"]
[Source "ChessBase"]
[SourceDate "2019.10.17"]
[SourceVersion "1"]
[SourceVersionDate "2019.10.17"]
[SourceQuality "1"]

1. e4 g6 2. d4 Bg7 3. Nf3 d6 4. c4 Nf6 5. Nc3 0-0 6. Be2 e5 7. d5 a5 8. 0-0 Na6 9. Bg5 h6 10. Be3 Ng4 11. Bd2 Nc5 12. h3 Nf6 13. Qc2 Nfd7 14. Be3 f5 15. a3 a4 16. Rad1 Nb3 17. Bd3 Ndc5 18. Bxc5 Nxc5 19. Rfe1 Bd7 20. Qe2 f4 21. Bc2 g5 22. Nh2 Qf6 23. f3 h5 1-0

[Event "Penha IRT U2050 1st"]
[Site "Penha"]
[Date "2017.09.23"]
[Round "4.7"]
[White "Bernardes, Roberto Carlos Stru"]
[Black "Da Silva, Joao Carlos Orguim"]
[Result "0-1"]
[WhiteElo "1727"]
[BlackElo "1759"]
[PlyCount "110"]
[EventDate "2017.09.22"]
[EventType "swiss"]
[EventRounds "7"]
[EventCountry "BRA"]
[SourceTitle "EXT 2022"]
[Source "ChessBase"]
[SourceDate "2021.10.06"]
[SourceVersion "1"]
[SourceVersionDate "2021.10.06"]
[SourceQuality "1"]

1. e4 c5 2. Nf3 Nc6 3. d4 cxd4 4. Nxd4 g6 5. Be3 Bg7 6. Bc4 Nf6 7. Nc3 Qa5 8. 0-0 0-0 9. f4 Qb4 10. Bb3 Nxe4 11. Nxc6 dxc6 12. Na4 b5 13. c3 Qd6 14. Bc2 Qxd1 15. Raxd1 Nd6 16. Nc5 Bg4 17. Rde1 a5 18. Bd4 Bxd4+ 19. cxd4 Ra7 20. h3 Bc8 21. g4 e6 22. Be4 Nxe4 23. Nxe4 Rd8 24. Rd1 Kg7 25. Nc5 Rd5 26. Rd2 b4 27. Rfd1 Ba6 28. g5 Bb5 29. Kf2 Ra8 30. h4 h5 31. Ke3 Re8 32. Ne4 Red8 33. Nf6 Rf5 34. Ne4 Ba6 35. b3 Bb5 36. Nc5 Rfd5 37. Nb7 Ra8 38. Nc5 Ra7 39. Ne4 a4 40. bxa4 Rxa4 41. Nc5 Ra3+ 42. Nb3 Bc4 43. Rb2 Rda5 44. Rdd2 Bd5 45. Kf2 Ra7 46. Ke3 Kf8 47. Kd3 Ke7 48. Kc2 Be4+ 49. Kc1 Bd5 50. Kb1 Kd6 51. Re2 Bc4 52. Red2 Kd5 53. Nc1 R7a4 54. Nd3 Bxd3+ 55. Rxd3 Ke4 0-1

[Event "Penha IRT U2050 1st"]
[Site "Penha"]
[Date "2017.09.23"]
[Round "5.9"]
[White "Volkmann, Andre Jordi"]
[Black "Bernardes, Roberto Carlos Stru"]
[Result "1-0"]
[WhiteElo "1937"]
[BlackElo "1727"]
[PlyCount "56"]
[EventDate "2017.09.22"]
[EventType "swiss"]
[EventRounds "7"]
[EventCountry "BRA"]
[SourceTitle "EXT 2022"]
[Source "ChessBase"]
[SourceDate "2021.10.06"]
[SourceVersion "1"]
[SourceVersionDate "2021.10.06"]
[SourceQuality "1"]

1. d4 b6 2. c4 Bb7 3. Nc3 e6 4. Bf4 Bb4 5. Nf3 Nf6 6. a3 Bxc3+ 7. bxc3 0-0 8. e3 d6 9. Bd3 Nbd7 10. Qc2 Rc8 11. 0-0 d5 12. cxd5 exd5 13. Ne5 Nxe5 14. dxe5 Ne4 15. f3 Ng5 16. Bxg5 Qxg5 17. Bxh7+ Kh8 18. f4 Qe7 19. Bf5 Rcd8 20. Rf3 g6 21. Rg3 Rg8 22. Qe2 Rg7 23. Bc2 f5 24. Rg5 Rdg8 25. h4 Rh7 26. h5 Qf7 27. hxg6 Rxg6 28. e6 Qe8 1-0

[Event "Penha IRT U2050 1st"]
[Site "Penha"]
[Date "2017.09.22"]
[Round "2.3"]
[White "Bernardes, Roberto Carlos Stru"]
[Black "Hille, Willian Henrique"]
[Result "0-1"]
[WhiteElo "1727"]
[BlackElo "2010"]
[PlyCount "97"]
[EventDate "2017.09.22"]
[EventType "swiss"]
[EventRounds "7"]
[EventCountry "BRA"]
[SourceTitle "EXT 2022"]
[Source "ChessBase"]
[SourceDate "2021.10.06"]
[SourceVersion "1"]
[SourceVersionDate "2021.10.06"]
[SourceQuality "1"]

1. e4 c6 2. d4 d5 3. Nc3 dxe4 4. Nxe4 Bf5 5. Ng3 Bg6 6. Bf4 Nf6 7. Nf3 Nd5 8. Be3 Nb4 9. Bd3 Bxd3 10. cxd3 Nd5 11. 0-0 g6 12. Qd2 Bg7 13. Bh6 0-0 14. Nf5 Bxh6 15. Nxh6+ Kg7 16. Ng5 Qd6 17. Ng4 Qf4 18. Qxf4 Nxf4 19. Rad1 Ne2+ 20. Kh1 Nxd4 21. Ne3 Nd7 22. Ne4 f5 23. Nc3 Nb6 24. Nc4 Nxc4 25. dxc4 Rad8 26. Rfe1 Rfe8 27. f4 c5 28. Nd5 e6 29. Nc7 Re7 30. Nd5 Red7 31. Nc3 Kf7 32. Kg1 Ne2+ 33. Rxe2 Rxd1+ 34. Nxd1 Rxd1+ 35. Kf2 Rd4 36. g3 Rxc4 37. b3 Rd4 38. Rc2 b6 39. Ke3 Kf6 40. h3 e5 41. Kf3 e4+ 42. Ke3 Ke6 43. Rb2 Rd3+ 44. Kf2 Kd5 45. Kg2 b5 46. Rc2 c4 47. bxc4+ bxc4 48. Rb2 c3 49. Rc2 0-1

[Event "Curitiba Sul Regional-ch"]
[Site "Curitiba"]
[Date "2015.07.12"]
[Round "5"]
[White "Dull, Amanda Paul"]
[Black "Bernardes, Roberto Carlos Stru"]
[Result "1-0"]
[WhiteElo "1838"]
[BlackElo "1800"]
[PlyCount "101"]
[EventDate "2015.07.10"]
[EventType "swiss"]
[EventRounds "6"]
[EventCountry "BRA"]
[SourceTitle "EXT 2016"]
[Source "ChessBase"]
[SourceDate "2015.10.08"]
[SourceVersion "1"]
[SourceVersionDate "2015.10.08"]
[SourceQuality "1"]

1. d4 d5 2. Nf3 Nf6 3. Bf4 Nc6 4. c3 Bg4 5. Nbd2 e6 6. Qa4 Bd6 7. Bxd6 cxd6 8. e3 a6 9. Bd3 0-0 10. 0-0 Re8 11. Rfe1 Nh5 12. h3 Bxf3 13. Nxf3 f5 14. c4 dxc4 15. Qxc4 d5 16. Qb3 Qe7 17. Rac1 Rac8 18. a3 Nf6 19. Qa4 Nb8 20. Qd1 Ne4 21. Re2 Rc7 22. Rxc7 Qxc7 23. Rc2 Nc6 24. Ne5 Qb6 25. Nxc6 bxc6 26. Bxe4 dxe4 27. Qc1 Rc8 28. b4 Kf7 29. Rc5 Ke7 30. Qc4 Kd6 31. f3 Rf8 32. Ra5 Ra8 33. fxe4 fxe4 34. Qc2 Qd8 35. Qxe4 Qf6 36. Rc5 Rc8 37. Ra5 g6 38. Rxa6 h5 39. b5 Qd8 40. Rxc6+ Rxc6 41. Qxc6+ Ke7 42. b6 Qb8 43. Qc5+ Kd7 44. a4 Qb7 45. a5 Qe4 46. a6 Qxe3+ 47. Kh1 Qf4 48. Qb5+ Kd8 49. Qc4 Qe3 50. b7 Qf4 51. a7 1-0

[Event "Curitiba Sul Regional-ch"]
[Site "Curitiba"]
[Date "2015.07.11"]
[Round "4"]
[White "Bernardes, Roberto Carlos Stru"]
[Black "Mileski, Lucas de Souza"]
[Result "1-0"]
[WhiteElo "1800"]
[BlackElo "1669"]
[PlyCount "55"]
[EventDate "2015.07.10"]
[EventType "swiss"]
[EventRounds "6"]
[EventCountry "BRA"]
[SourceTitle "EXT 2017"]
[Source "ChessBase"]
[SourceDate "2016.10.25"]
[SourceVersion "1"]
[SourceVersionDate "2016.10.25"]
[SourceQuality "1"]

1. e4 c5 2. Nf3 d6 3. d4 cxd4 4. Nxd4 Nf6 5. Nc3 a6 6. Be3 e5 7. Nb3 Be6 8. f3 Be7 9. Be2 0-0 10. Qd2 Nc6 11. g4 d5 12. exd5 Nxd5 13. Nxd5 Bh4+ 14. Bf2 Bxf2+ 15. Kxf2 Qh4+ 16. Kg1 Rad8 17. c4 f5 18. h3 b5 19. Nc5 Bf7 20. b3 e4 21. Rd1 Ne5 22. fxe4 Bxd5 23. exd5 f4 24. Kf1 f3 25. Bd3 Nxg4 26. Ne6 Rde8 27. Re1 Rf6 28. Re4 1-0

[Event "Curitiba Sul Regional-ch"]
[Site "Curitiba"]
[Date "2015.07.10"]
[Round "2"]
[White "Bernardes, Roberto Carlos Stru"]
[Black "Santa Isabel, Marivaldo dos Reis"]
[Result "1-0"]
[WhiteElo "1800"]
[BlackElo "1689"]
[PlyCount "147"]
[EventDate "2015.07.10"]
[EventType "swiss"]
[EventRounds "6"]
[EventCountry "BRA"]
[SourceTitle "EXT 2017"]
[Source "ChessBase"]
[SourceDate "2016.10.25"]
[SourceVersion "1"]
[SourceVersionDate "2016.10.25"]
[SourceQuality "1"]

1. e4 c5 2. Nf3 d6 3. d4 cxd4 4. Nxd4 Nf6 5. Nc3 Nc6 6. Be3 g6 7. f3 Bg7 8. Qd2 Bd7 9. Be2 a6 10. g4 b5 11. h4 b4 12. Nd5 e6 13. Nxb4 Nxd4 14. Bxd4 a5 15. Nd3 e5 16. Bc3 0-0 17. h5 Bxg4 18. fxg4 Nxe4 19. Qe3 Nxc3 20. bxc3 Qc7 21. Nf2 d5 22. Rc1 Rfe8 23. Rh3 Rad8 24. Kf1 Qd6 25. Bb5 Re7 26. a4 e4 27. Rd1 Qe6 28. Nxe4 Qxe4 29. Qxe4 Rxe4 30. hxg6 fxg6 31. c4 Rf8+ 32. Kg1 Rxg4+ 33. Kh1 dxc4 34. Bd7 Re4 35. Bc6 Ref4 36. Bd5+ Kh8 37. Rg1 Rf1 38. Bxc4 Rxg1+ 39. Kxg1 Bd4+ 40. Kh1 Kg7 41. Bd3 Rf4 42. Rg3 Kf6 43. Bb5 Rf2 44. c3 Be5 45. Re3 Rc2 46. c4 Rh2+ 47. Kg1 Bd4 48. Kxh2 Bxe3 49. Kg3 h5 50. Kf3 Bc5 51. Be8 Kg5 52. Bf7 Kh6 53. Ke4 g5 54. Kd5 g4 55. Kxc5 g3 56. Bd5 h4 57. Kd4 h3 58. Ke3 Kg6 59. c5 Kf6 60. c6 Ke7 61. c7 Kd7 62. c8Q+ Kxc8 63. Be6+ Kc7 64. Bxh3 Kc6 65. Kf3 Kc5 66. Bd7 Kd5 67. Kf4 Kd6 68. Bb5 Kc5 69. Ke5 Kb6 70. Kd5 Kb7 71. Kc5 Ka7 72. Bc4 Kb7 73. Kb5 Ka7 74. Kxa5 1-0